000 00483nam a2200181Ia 4500
001 16417
005 20260306170308.0
008 260306t2022||||xx |||||||||||||| ||und||
041 _aESP
082 _a348.6
_bB24
100 _aBarzola Yarasca, Percy
_eAUT
245 0 _aContratación de trabajadores:
_bpautas para evitar contingencias tributarias
260 _c2022
300 _avarias paginaciones :
_c24 cm.
650 _aGEN
654 _aCDE
942 _cLIB
_dJUS
_fJUS
_2ddc
_n
999 _c16417
_d16417